000 00489nam a2200181Ia 4500
001 15537
005 20260306170203.0
008 260306t2017||||xx |||||||||||||| ||und||
041 _aESP
082 _a542.1
_bP12
100 _aPachés Giner, María Aguas Vivas
_eAUT
245 0 _aManual de prácticas de laboratorio:
_bevaluación de la calidad ambiental
260 _c2017
300 _avii, 120 páginas :
_c24 cm.
650 _aGEN
654 _aCCN
942 _cLIB
_dJUS
_fJUS
_2ddc
_n
999 _c15537
_d15537